[Event "Los Angeles 1000 GM Spring op"]
[Site "Los Angeles"]
[Date "2023.03.21"]
[Round "9"]
[White "Lee, Megan Shuen Hui"]
[Black "Akopian, Robert"]
[Result "1-0"]
[WhiteElo "2261"]
[BlackElo "1924"]
[PlyCount "107"]
[EventDate "2023.03.17"]
[EventType "swiss"]
[EventRounds "9"]
[EventCountry "USA"]
[SourceTitle "CBM 213 Extra"]
[Source "ChessBase"]
[SourceDate "2023.05.31"]
[SourceVersion "1"]
[SourceVersionDate "2023.05.31"]
[SourceQuality "1"]

1. e4 d6 2. d4 Nf6 3. Nc3 g6 4. Be3 c6 5. h3 Nbd7 6. Nf3 Qc7 7. a4 b6 8. Qd2 Bg7 9. g4 Bb7 10. 0-0-0 e5 11. dxe5 Nxe5 12. Ne1 Bf8 13. Bd4 Rg8 14. f4 Ned7 15. Bc4 a6 16. Bxf6 Nxf6 17. e5 dxe5 18. fxe5 Nd5 19. Bxd5 0-0-0 20. Be6+ fxe6 21. Qxd8+ Qxd8 22. Rxd8+ Kxd8 23. Rf1 Bh6+ 24. Kd1 c5 25. Rf7 Rg7 26. Rf8+ Kc7 27. Ke2 Rd7 28. Rf6 Rd2+ 29. Kf1 Be3 30. Rf7+ Kb8 31. Rf8+ Ka7 32. Rf7 Bd4 33. Ne4 Rh2 34. Nd6 Bxb2 35. Nxb7 Rxh3 36. Nxc5+ Ka8 37. Nxe6 Bxe5 38. Nd3 Bd6 39. Rd7 Bb8 40. Nb4 Rf3+ 41. Ke2 Rf6 42. Nd4 Rd6 43. Nd5 Rxd7 44. Nxb6+ Kb7 45. Nxd7 Bd6 46. g5 Be7 47. Ne6 Kc6 48. Nf6 Kd6 49. Nf4 Ke5 50. N4d5 Bd8 51. Kd3 h5 52. gxh6 Bxf6 53. Nxf6 Kxf6 54. c4 1-0

[Event "Titled Tuesday intern op 18th Aug"]
[Site "Chess.com INT"]
[Date "2020.08.18"]
[Round "3"]
[White "Akopian, Robert"]
[Black "Kashtanov, Ruslan"]
[Result "1-0"]
[WhiteElo "2009"]
[BlackElo "2376"]
[PlyCount "103"]
[EventDate "2020.08.18"]
[EventType "swiss (blitz)"]
[EventRounds "10"]
[EventCountry "USA"]
[SourceTitle "CBM 197 Extra"]
[Source "ChessBase"]
[SourceDate "2020.09.30"]
[SourceVersion "1"]
[SourceVersionDate "2020.09.30"]
[SourceQuality "1"]

1. e4 c5 2. Nc3 e6 3. Nf3 a6 4. d4 cxd4 5. Nxd4 Qc7 6. Bd3 Nf6 7. 0-0 Nc6 8. Nxc6 bxc6 9. Qe2 d5 10. f4 Be7 11. Bd2 0-0 12. Rae1 Bb7 13. Kh1 Rfe8 14. e5 Nd7 15. Na4 c5 16. f5 exf5 17. e6 Nf8 18. exf7+ Kxf7 19. Qh5+ Kg8 20. Bxf5 g6 21. Qg4 Bd6 22. Nc3 Rxe1 23. Rxe1 Qf7 24. Bd3 c4 25. Rf1 Qe6 26. Bf5 Qe7 27. Bg5 Qe5 28. Bf4 Qxf5 29. Qxf5 gxf5 30. Bxd6 Rd8 31. Be5 Ng6 32. Bd4 Re8 33. g3 f4 34. Kg2 Bc8 35. gxf4 Nh4+ 36. Kf2 Nf5 37. Be5 d4 38. Rg1+ Kf7 39. Nd5 Ke6 40. Nf6 Rf8 41. Ne4 Ne3 42. Ng5+ Kd5 43. Nxh7 Rf7 44. Nf6+ Kc5 45. Rg8 Bb7 46. Rb8 Re7 47. Ng8 Rd7 48. Nf6 Nf5 49. Nxd7+ Kc6 50. Rxb7 d3 51. Rc7+ Kd5 52. cxd3 1-0

[Event "Titled Tuesday intern op 18th Aug"]
[Site "Chess.com INT"]
[Date "2020.08.18"]
[Round "9"]
[White "Akopian, Robert"]
[Black "Mikhailuk, Slava"]
[Result "1-0"]
[WhiteElo "2009"]
[BlackElo "2420"]
[PlyCount "101"]
[EventDate "2020.08.18"]
[EventType "swiss (blitz)"]
[EventRounds "10"]
[EventCountry "USA"]
[SourceTitle "CBM 197 Extra"]
[Source "ChessBase"]
[SourceDate "2020.09.30"]
[SourceVersion "1"]
[SourceVersionDate "2020.09.30"]
[SourceQuality "1"]

1. e4 c5 2. Nc3 Nc6 3. Nge2 Nf6 4. d4 cxd4 5. Nxd4 d6 6. Bg5 Bd7 7. Qd2 Rc8 8. Bxf6 gxf6 9. Nb3 Bg7 10. f4 f5 11. exf5 Bxf5 12. Bd3 Qd7 13. a3 0-0 14. 0-0-0 a6 15. Kb1 b5 16. Nd5 Bxd3 17. Qxd3 Rb8 18. Rhe1 e6 19. Nb4 Nxb4 20. axb4 d5 21. Nc5 Qc6 22. f5 a5 23. fxe6 axb4 24. exf7+ Rxf7 25. Qxd5 Qxd5 26. Rxd5 Ra7 27. Rd7 Rxd7 28. Nxd7 Rd8 29. Rd1 Re8 30. Rd5 Re2 31. Rxb5 Rxg2 32. h4 Rg4 33. h5 Kf7 34. Ne5+ Bxe5 35. Rxe5 Kf6 36. Rb5 Rc4 37. b3 Rh4 38. Rc5 h6 39. Kb2 Rh2 40. Rc4 Rxh5 41. Rxb4 Rh2 42. Rb8 Ke5 43. b4 Kd5 44. Rc8 Rg2 45. b5 Rg6 46. Kb3 h5 47. c4+ Kd4 48. c5 Rg1 49. c6 Kc5 50. Rh8 Kxb5 51. c7 1-0

[Event "Titled Tuesday intern op 18th Aug"]
[Site "Chess.com INT"]
[Date "2020.08.18"]
[Round "8"]
[White "Md Jamal, Uddin"]
[Black "Akopian, Robert"]
[Result "0-1"]
[WhiteElo "2060"]
[BlackElo "2009"]
[PlyCount "112"]
[EventDate "2020.08.18"]
[EventType "swiss (blitz)"]
[EventRounds "10"]
[EventCountry "USA"]
[SourceTitle "CBM 197 Extra"]
[Source "ChessBase"]
[SourceDate "2020.09.30"]
[SourceVersion "1"]
[SourceVersionDate "2020.09.30"]
[SourceQuality "1"]

1. Nf3 Nf6 2. e3 g6 3. c4 Bg7 4. d4 d6 5. Nc3 0-0 6. Be2 Nbd7 7. 0-0 Re8 8. b3 e5 9. Bb2 e4 10. Nd2 c6 11. Rc1 h5 12. h3 Nf8 13. Qc2 Qe7 14. d5 c5 15. a4 N8h7 16. Rce1 Ng5 17. Bd1 Bxh3 18. gxh3 Nxh3+ 19. Kg2 Ng5 20. f4 exf3+ 21. Nxf3 Nge4 22. Nxe4 Nxe4 23. Bxg7 Kxg7 24. Qb2+ f6 25. Bc2 Qd7 26. Bxe4 Rxe4 27. Rg1 Rg4+ 28. Kf2 Re8 29. Rxg4 hxg4 30. Nh4 g5 31. Ng2 Qf5+ 32. Kg1 g3 33. Rf1 Qe5 34. Qxe5 Rxe5 35. Rf3 f5 36. Rxg3 Kf6 37. Kf2 a6 38. Rh3 b5 39. Rh6+ Kf7 40. axb5 axb5 41. Rxd6 bxc4 42. bxc4 Re4 43. Rc6 Rxc4 44. d6 Ke6 45. Kf3 Kd7 46. Ra6 Rc1 47. Ke2 Rc2+ 48. Kf3 c4 49. Ne1 Rc1 50. Ke2 g4 51. Kd2 Rb1 52. Nc2 g3 53. Ra7+ Kxd6 54. Rg7 Rg1 55. Kc3 Kd5 56. Rg5 Ke4 0-1

[Event "Titled Tuesday intern op 18th Aug"]
[Site "Chess.com INT"]
[Date "2020.08.18"]
[Round "6"]
[White "Spyropoulos, Nikolaos"]
[Black "Akopian, Robert"]
[Result "0-1"]
[WhiteElo "2425"]
[BlackElo "2009"]
[PlyCount "52"]
[EventDate "2020.08.18"]
[EventType "swiss (blitz)"]
[EventRounds "10"]
[EventCountry "USA"]
[SourceTitle "CBM 197 Extra"]
[Source "ChessBase"]
[SourceDate "2020.09.30"]
[SourceVersion "1"]
[SourceVersionDate "2020.09.30"]
[SourceQuality "1"]

1. d4 Nf6 2. Nf3 c5 3. c3 g6 4. Bg5 Bg7 5. Nbd2 0-0 6. e3 b6 7. Bd3 Ba6 8. 0-0 Bxd3 9. Re1 d5 10. Ne5 Bf5 11. h4 h5 12. f3 cxd4 13. exd4 Nfd7 14. Nxd7 Qxd7 15. Rxe7 Qd6 16. Nf1 Nc6 17. Re1 Rfe8 18. Qd2 Na5 19. b3 Qd7 20. Ng3 Rxe1+ 21. Rxe1 Be6 22. Bh6 Nc6 23. Bxg7 Kxg7 24. Qg5 Rh8 25. f4 Qd8 26. f5 Qxg5 0-1

[Event "Titled Tuesday intern op 14th July"]
[Site "Chess.com INT"]
[Date "2020.07.14"]
[Round "2"]
[White "Nguyen, Quoc Hy"]
[Black "Akopian, Robert"]
[Result "1-0"]
[WhiteElo "2242"]
[BlackElo "2009"]
[PlyCount "121"]
[EventDate "2020.07.14"]
[EventType "swiss (blitz)"]
[EventRounds "10"]
[EventCountry "USA"]
[SourceTitle "CBM 197 Extra"]
[Source "ChessBase"]
[SourceDate "2020.09.30"]
[SourceVersion "1"]
[SourceVersionDate "2020.09.30"]
[SourceQuality "1"]

1. d4 Nf6 2. Nf3 g6 3. c4 c5 4. d5 Bg7 5. Nc3 d6 6. e4 0-0 7. Be2 e6 8. 0-0 exd5 9. exd5 Re8 10. Bg5 h6 11. Bh4 g5 12. Bg3 Nh5 13. Nd2 Nxg3 14. hxg3 Qb6 15. Rb1 Nd7 16. Bg4 Nf6 17. Bxc8 Raxc8 18. Qc2 a6 19. Rfe1 Qc7 20. b3 Qd7 21. a4 Qg4 22. Qd3 Qd4 23. Qxd4 cxd4 24. Nce4 Nxe4 25. Nxe4 Red8 26. g4 b5 27. cxb5 axb5 28. a5 b4 29. Rec1 Rxc1+ 30. Rxc1 Ra8 31. Ra1 d3 32. Ra2 Rc8 33. Rd2 Rc3 34. Ra2 Rc2 35. Ra4 Be5 36. g3 Bd4 37. a6 Ba7 38. Rxb4 Re2 39. Kf1 Ra2 40. Rb7 Rxa6 41. b4 Ra1+ 42. Kg2 Bd4 43. Rc7 Ra2 44. Rc4 Bb6 45. Kf3 Rc2 46. Rc6 Rb2 47. Rxb6 d2 48. Ke2 h5 49. Nxd2 h4 50. gxh4 gxh4 51. Rxd6 h3 52. Rh6 Rxb4 53. Rxh3 Rd4 54. Rd3 Rxg4 55. Rg3 Rxg3 56. fxg3 Kf8 57. Kf3 Ke7 58. Ke4 Kd6 59. Nf3 f5+ 60. Kd4 f4 61. gxf4 1-0

[Event "Titled Tuesday intern op 16th June"]
[Site "Chess.com INT"]
[Date "2020.06.16"]
[Round "8"]
[White "Akopian, Robert"]
[Black "Tamarozi, Isabelle"]
[Result "1-0"]
[WhiteElo "2009"]
[BlackElo "1981"]
[PlyCount "45"]
[EventDate "2020.06.16"]
[EventType "swiss (blitz)"]
[EventRounds "10"]
[EventCountry "USA"]
[SourceTitle "EXT 2021"]
[Source "ChessBase"]
[SourceDate "2020.10.23"]
[SourceVersion "1"]
[SourceVersionDate "2020.10.23"]
[SourceQuality "1"]

1. e4 c5 2. Nc3 Nc6 3. Nge2 g6 4. d4 cxd4 5. Nxd4 Bg7 6. Nde2 d6 7. g3 Nf6 8. Bg2 Bd7 9. h3 Qc8 10. Nd5 Nxd5 11. exd5 Nb4 12. c3 Na6 13. Be3 0-0 14. g4 Qc7 15. 0-0 e6 16. dxe6 fxe6 17. Qd2 d5 18. Bd4 e5 19. Bxd5+ Kh8 20. Be3 h5 21. f3 Nc5 22. Bh6 Bf6 23. Bxf8 1-0

[Event "Titled Tuesday intern op 16th June"]
[Site "Chess.com INT"]
[Date "2020.06.16"]
[Round "9"]
[White "Manukian, Artak"]
[Black "Akopian, Robert"]
[Result "1/2-1/2"]
[WhiteElo "2196"]
[BlackElo "2009"]
[PlyCount "136"]
[EventDate "2020.06.16"]
[EventType "swiss (blitz)"]
[EventRounds "10"]
[EventCountry "USA"]
[SourceTitle "EXT 2021"]
[Source "ChessBase"]
[SourceDate "2020.10.23"]
[SourceVersion "1"]
[SourceVersionDate "2020.10.23"]
[SourceQuality "1"]

1. e4 d6 2. Nf3 Nf6 3. Nc3 g6 4. d4 Bg7 5. Bg5 0-0 6. Qd2 c6 7. 0-0-0 b5 8. e5 b4 9. exf6 exf6 10. Be3 bxc3 11. Qxc3 Bf5 12. Bd3 Bxd3 13. Qxd3 Nd7 14. h4 Nb6 15. h5 Nd5 16. hxg6 fxg6 17. a3 a5 18. c4 Nxe3 19. fxe3 c5 20. dxc5 dxc5 21. Qxd8 Raxd8 22. Rxd8 Rxd8 23. Rd1 Re8 24. Rd3 Bh6 25. Kd2 a4 26. b3 axb3 27. Rxb3 Rd8+ 28. Rd3 Rb8 29. Kc2 g5 30. Nd2 f5 31. Nb3 Bg7 32. Rd5 Re8 33. Kd3 Ra8 34. Rxf5 Rxa3 35. Kc2 Ra2+ 36. Kd1 Rxg2 37. Nxc5 h5 38. Ne4 g4 39. Rxh5 Ra2 40. Rg5 Ra3 41. Ke2 Ra2+ 42. Kd3 Ra3+ 43. Ke2 Ra2+ 44. Kf1 Ra3 45. Nf6+ Kf7 46. Nxg4 Rc3 47. Ke2 Rxc4 48. Ne5+ Bxe5 49. Rxe5 Kf6 50. Re8 Ra4 51. Kf3 Rb4 52. Re4 Rb6 53. Ra4 Rc6 54. Kf4 Rb6 55. e4 Rc6 56. Ra5 Rb6 57. Rh5 Ke7 58. Kf5 Rb5+ 59. e5 Rb6 60. Rh7+ Ke8 61. Ra7 Rc6 62. Rb7 Ra6 63. Rc7 Rb6 64. Rc5 Ra6 65. Rd5 Rb6 66. Rd6 Rxd6 67. exd6 Kd7 68. Ke5 Kd8 1/2-1/2

[Event "Titled Tuesday intern op 19th May"]
[Site "Chess.com INT"]
[Date "2020.05.19"]
[Round "1"]
[White "Valdes Escobar, Alvaro Daniel"]
[Black "Akopian, Robert"]
[Result "1-0"]
[WhiteElo "2355"]
[BlackElo "2009"]
[PlyCount "61"]
[EventDate "2020.05.19"]
[EventType "swiss (blitz)"]
[EventRounds "10"]
[EventCountry "USA"]
[SourceTitle "EXT 2021"]
[Source "ChessBase"]
[SourceDate "2020.10.23"]
[SourceVersion "1"]
[SourceVersionDate "2020.10.23"]
[SourceQuality "1"]

1. c4 c5 2. Nf3 b6 3. d4 cxd4 4. Nxd4 Bb7 5. Nc3 Nf6 6. f3 d6 7. e4 e6 8. Be3 Be7 9. Be2 0-0 10. 0-0 Nbd7 11. Qd2 a6 12. a3 Qc7 13. Rac1 Rac8 14. b4 Qb8 15. Nb3 Bd8 16. Kh1 Bc7 17. Bg1 Rfd8 18. Rfd1 Ne5 19. Na4 Ba8 20. Qe3 Ng6 21. Nxb6 d5 22. Nxc8 Bf4 23. Qb6 Qxc8 24. cxd5 Bxc1 25. Rxc1 Qd7 26. dxe6 Qe8 27. exf7+ Kxf7 28. Bc4+ Kf8 29. Nd4 Nf4 30. Nf5 Nd7 31. Qd6+ 1-0

[Event "Titled Tuesday intern op 5th May"]
[Site "Chess.com INT"]
[Date "2020.05.05"]
[Round "1"]
[White "Akopian, Robert"]
[Black "Tsvetkov, Andrey1"]
[Result "0-1"]
[WhiteElo "2009"]
[BlackElo "2358"]
[PlyCount "68"]
[EventDate "2020.05.05"]
[EventType "swiss (blitz)"]
[EventRounds "10"]
[EventCountry "USA"]
[SourceTitle "EXT 2021"]
[Source "ChessBase"]
[SourceDate "2020.10.23"]
[SourceVersion "1"]
[SourceVersionDate "2020.10.23"]
[SourceQuality "1"]

1. e4 c5 2. Nc3 d6 3. Nge2 Nf6 4. g3 g6 5. Bg2 Bg7 6. d4 cxd4 7. Nxd4 0-0 8. 0-0 Nbd7 9. Nd5 Nc5 10. Re1 a6 11. a4 Ne6 12. c3 Nxd5 13. exd5 Nxd4 14. cxd4 Qb6 15. Rxe7 Bxd4 16. Be3 Bxe3 17. Rxe3 Qxb2 18. h4 Bf5 19. Rc1 Rac8 20. Re1 Rxc1 21. Qxc1 Qxc1 22. Rxc1 Rc8 23. Rxc8+ Bxc8 24. a5 Kf8 25. f4 Ke7 26. Kh2 Kd7 27. Bh3+ Kc7 28. Bxc8 Kxc8 29. Kh3 b6 30. axb6 a5 31. Kg4 a4 32. Kg5 a3 33. Kh6 a2 34. Kxh7 a1Q 0-1

[Event "Titled Tuesday intern op 5th May"]
[Site "Chess.com INT"]
[Date "2020.05.05"]
[Round "5"]
[White "Tamarozi, Isabelle"]
[Black "Akopian, Robert"]
[Result "1/2-1/2"]
[WhiteElo "1981"]
[BlackElo "2009"]
[PlyCount "86"]
[EventDate "2020.05.05"]
[EventType "swiss (blitz)"]
[EventRounds "10"]
[EventCountry "USA"]
[SourceTitle "EXT 2021"]
[Source "ChessBase"]
[SourceDate "2020.10.23"]
[SourceVersion "1"]
[SourceVersionDate "2020.10.23"]
[SourceQuality "1"]

1. e4 d6 2. d4 Nf6 3. Nc3 g6 4. Nf3 Bg7 5. h3 0-0 6. Be3 c6 7. a4 Qc7 8. Be2 Nbd7 9. 0-0 Re8 10. a5 e5 11. d5 cxd5 12. Nxd5 Nxd5 13. Qxd5 Nf6 14. Qc4 Qxc4 15. Bxc4 Nxe4 16. Bd5 Nf6 17. c4 Nxd5 18. cxd5 Bd7 19. Rfc1 Bb5 20. Rc7 Ba6 21. Ng5 Rec8 22. Rac1 b5 23. axb6 axb6 24. Bxb6 Rxc7 25. Rxc7 Rb8 26. Be3 Rxb2 27. Nxf7 Rb7 28. Rxb7 Bxb7 29. Nxd6 Bxd5 30. Nb5 Bb7 31. f3 e4 32. fxe4 Bxe4 33. Kf2 Bb7 34. Nd4 h5 35. g4 h4 36. g5 Kf7 37. Nf3 Bxf3 38. Kxf3 Be5 39. Bf2 Ke6 40. Bxh4 Kf5 41. Bg3 Bxg3 42. Kxg3 Kxg5 43. h4+ Kh5 1/2-1/2

[Event "Los Angeles Metropolitan 17th"]
[Site "Los Angeles"]
[Date "2012.03.29"]
[Round "2"]
[White "Akopian, Robert"]
[Black "Clawitter, Craig"]
[Result "0-1"]
[WhiteElo "2077"]
[BlackElo "2097"]
[PlyCount "46"]
[EventDate "2012.03.28"]
[EventType "tourn"]
[EventRounds "9"]
[EventCountry "USA"]
[EventCategory "1"]
[SourceTitle "CBM 147 Extra"]
[Source "ChessBase"]
[SourceDate "2012.04.24"]
[SourceVersion "1"]
[SourceVersionDate "2012.04.24"]
[SourceQuality "1"]

1. e4 c5 2. Nf3 d6 3. d4 cxd4 4. Nxd4 Nf6 5. Nc3 g6 6. Be3 Bg7 7. f3 Nc6 8. Qd2 0-0 9. Bc4 Qa5 10. Bb3 Bd7 11. 0-0-0 Rfc8 12. h4 Ne5 13. g4 b5 14. h5 Nc4 15. Bxc4 bxc4 16. Bh6 Bh8 17. Nf5 Re8 18. Rh3 Rab8 19. Rdh1 Bxf5 20. gxf5 Rxb2 21. Kxb2 Nd5 22. f4 Nxc3 23. Rxc3 Bxc3+ 0-1

[Event "Los Angeles Metropolitan 17th"]
[Site "Los Angeles"]
[Date "2012.03.29"]
[Round "3"]
[White "Sevian, Samuel"]
[Black "Akopian, Robert"]
[Result "1-0"]
[WhiteElo "2223"]
[BlackElo "2077"]
[PlyCount "83"]
[EventDate "2012.03.28"]
[EventType "tourn"]
[EventRounds "9"]
[EventCountry "USA"]
[EventCategory "1"]
[SourceTitle "CBM 147 Extra"]
[Source "ChessBase"]
[SourceDate "2012.04.24"]
[SourceVersion "1"]
[SourceVersionDate "2012.04.24"]
[SourceQuality "1"]

1. e4 d6 2. d4 Nf6 3. Nc3 g6 4. Be3 a6 5. h3 Bg7 6. f4 d5 7. e5 Ne4 8. Nxe4 dxe4 9. Ne2 0-0 10. Nc3 f5 11. Bc4+ Kh8 12. h4 b5 13. Bb3 h5 14. Rh3 Bd7 15. d5 Be8 16. Ne2 Bf7 17. Rg3 Kh7 18. a4 b4 19. a5 c6 20. Bb6 Qc8 21. e6 Bg8 22. d6 Bxe6 23. dxe7 Re8 24. Qd6 Qd7 25. Qxe6 Qxe6 26. Bxe6 Rxe7 27. Bc4 Bxb2 28. Rd1 Nd7 29. Bd4 Ba3 30. Ba1 Nc5 31. Bf6 Rd7 32. Rxd7+ Nxd7 33. Ba1 Nf8 34. Ng1 Bc1 35. Nh3 e3 36. Ng5+ Kh6 37. Bg8 Bd2+ 38. Ke2 Bc3 39. Bxc3 bxc3 40. Rxe3 Nd7 41. Bc4 c5 42. Re7 1-0

[Event "Martin Luther King Memorial"]
[Site "Irvine"]
[Date "2012.01.14"]
[Round "1"]
[White "Peters, Jack"]
[Black "Akopian, Robert"]
[Result "1-0"]
[WhiteElo "2354"]
[BlackElo "2079"]
[PlyCount "67"]
[EventDate "2012.01.14"]
[EventType "swiss"]
[EventRounds "6"]
[EventCountry "USA"]
[SourceTitle "EXT 2013"]
[Source "ChessBase"]
[SourceDate "2012.11.22"]
[SourceVersion "1"]
[SourceVersionDate "2012.11.22"]
[SourceQuality "1"]

1. e4 d6 2. d4 Nf6 3. Nc3 g6 4. Be3 a6 5. Be2 Bg7 6. f4 d5 7. e5 Ne4 8. Nxe4 dxe4 9. h4 h5 10. Nh3 Bf5 11. Nf2 Nd7 12. c4 c5 13. d5 Qb6 14. Qc2 e6 15. Nxe4 exd5 16. Nd6+ Qxd6 17. Qxf5 Qb6 18. Qc2 d4 19. Bd2 Nb8 20. 0-0-0 Nc6 21. Rh3 0-0-0 22. Rb3 Qc7 23. Bf3 Rhe8 24. Bxc6 Qxc6 25. Ba5 Bh6 26. Bxd8 Bxf4+ 27. Kb1 Rxd8 28. Rf1 Bxe5 29. Rxf7 Bc7 30. a3 Qe6 31. Rg7 Qf6 32. Qxg6 Qf1+ 33. Ka2 Qxc4 34. Qh7 1-0